|
|
|
|
| LEADER |
00000nam0a2200000 4500 |
| 001 |
44765 |
| 005 |
20231031022749.0 |
| 035 |
|
|
|a (RuTPU)RU\TPU\book\46501
|
| 090 |
|
|
|a 44765
|
| 100 |
|
|
|a 20021126d1986 k y0rusy50 ca
|
| 101 |
0 |
|
|a rus
|
| 102 |
|
|
|a RU
|
| 105 |
|
|
|a a z 001zy
|
| 200 |
1 |
|
|a Механические методы активации химических процессов
|f Е. Г. Аввакумов
|g Институт химии твердого тела и переработки минерального сырья; Отв. ред. А. С. Колосов
|
| 205 |
|
|
|a 2-е изд., перераб. и доп.
|
| 210 |
|
|
|a Новосибирск
|c Наука
|d 1986
|
| 215 |
|
|
|a 305 с.
|c ил.
|
| 320 |
|
|
|a Библиогр.: с. 263-296.
|
| 320 |
|
|
|a Имен. указ.: с. 297-304.
|
| 610 |
1 |
|
|a химия
|
| 610 |
1 |
|
|a неорганические вещества
|
| 610 |
1 |
|
|a твердые тела
|
| 610 |
1 |
|
|a механохимия
|
| 610 |
1 |
|
|a активация
|
| 610 |
1 |
|
|a диспергирование
|
| 610 |
1 |
|
|a инициирование
|
| 610 |
1 |
|
|a реакции
|
| 675 |
|
|
|a 544.46
|v 3
|
| 700 |
|
1 |
|a Аввакумов
|b Е. Г.
|g Евгений Григорьевич
|
| 702 |
|
1 |
|a Колосов
|b А. С.
|4 340
|
| 712 |
0 |
2 |
|a Академия наук СССР (АН СССР)
|b Сибирское отделение (СО)
|b Институт химии твердого тела и переработки минерального сырья (ИХТТПМС)
|c (Новосибирск)
|2 stltpush
|3 (RuTPU)RU\TPU\col\11799
|
| 801 |
|
1 |
|a RU
|b 63413507
|c 20021126
|g PSBO
|
| 801 |
|
2 |
|a RU
|b 63413507
|c 20130918
|g PSBO
|
| 942 |
|
|
|c BK
|